000 01197nam a2200229Ia 4500
001 21725
005 20260407113305.0
008 260320s9999||||xx |||||||||||||| ||und||
020 _a9786123331566
041 _aESP
082 _a344.522
_bP42
100 _aPeña Cabrera Freyre, Alonso,
_eAUT
245 0 _aDelitos contra la libertad sexual
250 _aPrimera edición
260 _aLima :
_bGaceta Jurídica,
_c2025
300 _a271 páginas :
_c25 cm.
650 _aCIS
653 _aDerecho; Derecho penal; Delito contra la libertad sexual
654 _aCDE
856 _uhttps://palestra-tirantonline-com.ucsp.lookproxy.com/base/per/biblioteca_virtual/8484563995?general=delitos+contra+la+libertad+sexual&index=0&navigate_url=%2Fbase%2Fper%2Fbibliotecavirtual%2Fsearches%2Fnavigate%3Ftoken_id%3D68f797efa09e34000b58f5f3&next_index=1&num_found=3213&pais=per&route=ser&search_type=bibliotecavirtual&search_url=%2Fbase%2Fper%2Fbibliotecavirtual%2Fsearches%3Findex%3D0%26token_id%3D68f797efa09e34000b58f5f3&token_id=68f797efa09e34000b58f5f3&tolgeo=latam
_zVéase además: Nuevas perspectivas sobre los delitos contra la libertad sexual. Versión digital
942 _cLIB
_dJUS
_fTRC
_2ddc
999 _c21725
_d21725